000 00961nam a2200277 i 4500
001 170156
003 ES-MaACL
005 20230906214314.0
008 090206s1981 fr |||| | fre d
020 _a2-05-100298-3
022 _a0244-2957
080 _a725.821(443.611)
080 _a782(44)
245 0 2 _aL'Opéra de Paris au siècle romantique.
260 _aGenève ;
_aParis :
_bSlatkine,
_c1981.
300 _a150 p. :
_bil. ;
_c24 cm.
490 1 _aRevue internationale de musique française ;
_v2e année. 4
500 _aPrecede al tít.: Dossier.
504 _aBibliografía.
598 _aVariantes del tít. de la rev.: Rimf, R.I.M.F.
610 2 _aOpéra national de Paris.
_915716
650 4 _aÓpera-
_zParís-
_xHistoria.
_915715
830 0 _aRevue internationale de musique française ;
_v2e année. 4
_9222976
852 4 _aES-MaACL
_jE-12422
_9R.140614
_z. - Biblioteca Jacinto Martínez Lacalle
999 _c170156
_d170156